Minecraft. (Record no. 410023)
[ view plain ]
| 000 -LEADER | |
|---|---|
| fixed length control field | 02252nam a2200385 i 4500 |
| 001 - CONTROL NUMBER | |
| control field | in903030636 |
| 005 - DATE AND TIME OF LATEST TRANSACTION | |
| control field | 20250721114501.0 |
| 008 - FIXED-LENGTH DATA ELEMENTS--GENERAL INFORMATION | |
| fixed length control field | 250709r20252025nyua c 000 0 eng |
| 020 ## - INTERNATIONAL STANDARD BOOK NUMBER | |
| International Standard Book Number | 9780593984161 |
| Qualifying information | (hardcover ; |
| -- | acid-free paper) |
| 035 ## - SYSTEM CONTROL NUMBER | |
| System control number | (OCoLC)1527537064 |
| 040 ## - CATALOGING SOURCE | |
| Original cataloging agency | TnLvILS |
| Language of cataloging | eng |
| Transcribing agency | TnLvILS |
| Description conventions | rda |
| 050 #4 - LIBRARY OF CONGRESS CALL NUMBER | |
| Classification number | GV1469.35.M535 |
| Item number | S758 2025 |
| 082 04 - DEWEY DECIMAL CLASSIFICATION NUMBER | |
| Classification number | 794.8/5 |
| Edition number | 23/eng/20250709 |
| 100 1# - MAIN ENTRY--PERSONAL NAME | |
| Personal name | Stone, Tom |
| Titles and other words associated with a name | (Writer on Minecraft), |
| Relator term | author. |
| 9 (RLIN) | 6476885 |
| 245 10 - TITLE STATEMENT | |
| Title | Minecraft. |
| Name of part/section of a work | Magical bite-size builds : |
| Remainder of title | with over 20 marvelous mini projects / |
| Statement of responsibility, etc | written by Tom Stone ; additional illustrations by George Lee. |
| 246 30 - VARYING FORM OF TITLE | |
| Title proper/short title | Magical bite-size builds : |
| Remainder of title | with over 20 marvelous mini projects |
| 250 ## - EDITION STATEMENT | |
| Edition statement | First US edition. |
| 264 #1 - Production, Publication, Distribution, Manufacture, and Copyright Notice. | |
| Place of production, publication, distribution, manufacture | New York : |
| Name of producer, publisher, distributor, manufacturer | Random House Worlds, |
| Date of production, publication, distribution, manufacture, or copyr | [2025] |
| 264 #4 - Production, Publication, Distribution, Manufacture, and Copyright Notice. | |
| Date of production, publication, distribution, manufacture, or copyr | �2025 |
| 300 ## - PHYSICAL DESCRIPTION | |
| Extent | 93 pages : |
| Other physical details | color illustrations ; |
| Dimensions | 22 cm. |
| 336 ## - Content Type | |
| Content type term | text |
| 336 ## - Content Type | |
| Content type term | still image |
| 337 ## - Media type | |
| Media type term | unmediated |
| 338 ## - Carrier type | |
| Carrier type term | volume |
| 490 0# - SERIES STATEMENT | |
| Series statement | Bite-size builds |
| 500 ## - GENERAL NOTE | |
| General note | "Mojang Studios." |
| 500 ## - GENERAL NOTE | |
| General note | "Published in hardcover in the United Kingdom by Farshore, an imprint of HarperCollins Publishers Limited"--Copyright page. |
| 505 0# - FORMATTED CONTENTS NOTE | |
| Formatted contents note | General build tips -- Magic mirror -- Mermaid lagoon -- Giant beanstalk -- Magician's hat -- Ferocious dragon -- Bubblegum cottage -- Enchanting tower -- Pumpkin carriage -- Royal frog -- Glowing mushroom -- House in a shoe -- Alebrije statues -- Banana-split base -- Floating tea party -- Dragon roller coaster -- Spellbook shop -- Genie-lamp boat -- Emerald apartments -- Fairy-tale palace -- Atlantis abode -- Combination challenges. |
| 520 ## - SUMMARY, ETC. | |
| Summary, etc | "The next book in the ... Bite-Size Builds series, following Mega Bite-Size Builds and Amazing Bite-Size Builds. Dscover new and exciting Minecraft builds made easy, broken down into manageable pieces--written in official partnership with the experts at game-creator Mojang"-- |
| -- | Provided by publisher. |
| 650 #0 - SUBJECT ADDED ENTRY--TOPICAL TERM | |
| Topical term or geographic name as entry element | Minecraft (Game) |
| Form subdivision | Juvenile literature. |
| 9 (RLIN) | 5711971 |
| 650 #0 - SUBJECT ADDED ENTRY--TOPICAL TERM | |
| Topical term or geographic name as entry element | Video games |
| Form subdivision | Juvenile literature. |
| 9 (RLIN) | 5697478 |
| 650 #1 - SUBJECT ADDED ENTRY--TOPICAL TERM | |
| Topical term or geographic name as entry element | Minecraft (Game) |
| 650 #1 - SUBJECT ADDED ENTRY--TOPICAL TERM | |
| Topical term or geographic name as entry element | Video games. |
| 710 2# - ADDED ENTRY--CORPORATE NAME | |
| Corporate name or jurisdiction name as entry element | Mojang AB (Firm), |
| Relator term | sponsoring body. |
| 9 (RLIN) | 5712867 |
| Withdrawn status | Lost status | Source of classification or shelving scheme | Damaged status | Not for loan | Collection code | Home library | Current library | Shelving location | Date acquired | Source of acquisition | Total Checkouts | Total Renewals | Full call number | Barcode | Checked out | Date last seen | Date checked out | Cost, replacement price | Price effective from | Koha item type |
|---|---|---|---|---|---|---|---|---|---|---|---|---|---|---|---|---|---|---|---|---|
| Dewey Decimal Classification | Junior NonFiction | Wasatch County Library | Wasatch County Library | Second Floor | 08/19/2025 | Ingram | 4 | 5 | J 794.8 Mojang | 34301002164533 | 02/07/2026 | 12/11/2025 | 12/11/2025 | 12.99 | 08/19/2025 | BOOK |
